| 000 | 00339nam a2200133Ia 4500 | ||
|---|---|---|---|
| 008 | 230524s9999 xx 000 0 und d | ||
| 020 | _a818551352X | ||
| 100 |
_aAnne Frank _936666 |
||
| 245 | 4 | _aThe Diary of a Young Girl | |
| 260 | _bBook Club | ||
| 500 | _aQuantity Number: 1 | ||
| 650 |
_aPersonality Development _936667 |
||
| 942 | _cBK | ||
| 999 |
_c50694 _d50694 |
||